Czech (Bohemian) rulers (1212-1918) - Statistics

General Stats
  • This quiz has been taken 64 times
  • The average score is 25 of 37
Answer Stats
Hint Answer % Correct
1916 - 1918 Karel I
95%
1711 - 1740 Karel II
95%
1346 - 1378 Karel IV
95%
1848 - 1916 František Josef I
86%
1230 - 1253 Václav I
84%
1278 - 1305 Václav II
84%
1305 - 1306 Václav III
84%
1378 - 1419 Václav IV
84%
1419 - 1437 Zikmund
84%
1792 - 1835 František I
82%
1705 - 1711 Josef I
82%
1780 - 1790 Josef II
82%
1198 - 1230 Přemysl Otakar I
82%
1253 - 1278 Přemysl Otakar II
82%
1310 - 1346 Jan Lucemburský
77%
1306 - 1307 Rudolf I
75%
1576 - 1611 Rudolf II
75%
1526 - 1564 Ferdinand I
73%
1619 Ferdinand II
73%
1620 - 1637 Ferdinand II
73%
1637 - 1657 Ferdinand III
73%
1835 - 1848 Ferdinand V
73%
1740 - 1780 Marie Terezie
66%
1457 - 1471 Jiří z Poděbrad
64%
1516 - 1526 Ludvík I
64%
1471 - 1516 Vladislav II
59%
1439 - 1457 Ladislav Pohrobek
57%
1657 - 1705 Leopold I
57%
1790 - 1792 Leopold II
57%
1741 - 1743 Karel III Albrecht
54%
1611 - 1619 Matyáš
52%
1469 - 1490 Matyáš Korvín
52%
1437 - 1439 Albrecht I
38%
1564 - 1576 Maxmilián
38%
1619 - 1620 Fridrich Falcký
36%
1306 Jindřich Korutanský
29%
1307 - 1310 Jindřich Korutanský
29%
No matching quizzes found
Score Distribution
Percent of People with Each Score
Percentile by Number Answered
Your Score History
You have not taken this quiz